पर्यटन भूगोल (Record no. 35929)

MARC details
000 -LEADER
fixed length control field 00490nam a2200181Ia 4500
008 - FIXED-LENGTH DATA ELEMENTS--GENERAL INFORMATION
fixed length control field 220531s9999 xx 000 0 und d
041 ## - LANGUAGE CODE
Language code of text/sound track or separate title mar
100 ## - MAIN ENTRY--PERSONAL NAME
Personal name पाचारण. शि.आणि इतर
9 (RLIN) 63230
245 ## - TITLE STATEMENT
Title पर्यटन भूगोल
250 ## - EDITION STATEMENT
Edition statement 1ST
260 ## - PUBLICATION, DISTRIBUTION, ETC. (IMPRINT)
Place of publication, distribution, etc. Pune
Name of publisher, distributor, etc. Atharva
Date of publication, distribution, etc. 2014
300 ## - PHYSICAL DESCRIPTION
Extent 151
542 ## - INFORMATION RELATING TO COPYRIGHT STATUS
Copyright holder 28-08-2014
551 ## -
-- Geography
-- Grantable-GEO
650 ## - SUBJECT ADDED ENTRY--TOPICAL TERM
Topical term or geographic name as entry element Geography
9 (RLIN) 63231
906 ## - LOCAL DATA ELEMENT F, LDF (RLIN)
d 2014-2015
f 969
Holdings
Withdrawn status Lost status Source of classification or shelving scheme Damaged status Not for loan Collection code Home library Current library Date acquired Vendor Cost, normal purchase price Total Checkouts Total Holds Full call number Barcode Date last seen Bill Date Koha item type Original Barcode
Withdrawn   Dewey Decimal Classification       Shri Siddhivinayak Mahila Mahavidyalaya Shri Siddhivinayak Mahila Mahavidyalaya 28/08/2014 Atharva 150.00   5 /-/B/16932 SSMM-BK-16932 06/08/2022 06/08/2022 Books 010016932